000 00401nam a2200169Ia 4500
001 11474
005 20260306162830.0
008 260306t9999||||xx |||||||||||||| ||spa||
041 _aESP
082 _a985.06
_bQ74
100 _aQuiroz Paz-Soldán, Eusebio
_eAUT
245 0 _aCien años después 1879-1979:
_bNULL
300 _a
_c
650 _aGEN
654 _aCHU
942 _cLIB
_dJUS
_fJUS
_2ddc
_n
999 _c11474
_d11474